01136 2200397 4500001002100000005001500021035002500036008004100061020002200102041000800124043001300132082001600145090002100161090002000182245012000202250003100322260003600353300003800389650004000427700001600467850001200483999002100495007000300516040001700519084001600536990002100552990001800573990001800591990001800609990001800627990001800645990002100663990001800684990001800702990001800720INLIS00000000001160220190726021100 a0010-091500000000115150901s2011 yoia d | ind d a978-602-978-568-50 aind aYOPD DIY04223a378.076 aCB-D.11 2011-217 aDEP 378.076 Try00aTryout & prediksi akurat soal-soal SNMPTN terkini :bUI, UGM,UNPAD,UNDIP, UNAIR /cTim Penulis; editor, Desy Wijaya aCetakan pertama Maret 2011 aYogyakarta :bDiva Press,c2011 a280 halaman :bilustrasi ;c23 cm 4aPerguruan Tinggi--xUjian,soal dsb.0 aDesy Wijaya aYOPDYOG aCB-D.11/2011-217ta aYOPDYOGbind a378.076 TRY aCB-D.11/2011-217 a49614-PD/A.15 a49393-PD/A.15 a49394-PD/A.15 a49395-PD/A.15 a49614-PD/A.15 aCB-D.11/2011-217 a49393-PD/A.15 a49394-PD/A.15 a49395-PD/A.15